[Event "Abierto Legislatura Norberto La Porta in memoriam"]
[Site "Buenos Aires, ARG"]
[Date "2009.04.03"]
[Round "2.10"]
[White "Cubas, Jose Fernando"]
[Black "De Cesare, Ricardo"]
[Result "1-0"]
[WhiteElo "2434"]
[BlackElo "2055"]

1. e4 c5 2. Nf3 d6 3. d4 cxd4 4. Nxd4 Nf6 5. Nc3 a6 6. Be2 e5 7. Nf3 h6 8.
O-O Be7 9. a4 Be6 10. h3 Nc6 11. Re1 Rc8 12. Bf1 Nb4 13. Be3 Qc7 14. a5 O-O 15.
Ra4 Nc6 16. Bb6 Qb8 17. Nd5 Nd7 18. Bc4 Bxd5 19. Bxd5 Nxb6 20. axb6 Bd8 21.
Ra3 Kh8 22. Nh2 Ne7 23. Ba2 Bxb6 24. Rf3 Ng6 25. g3 Qc7 26. Re2 Qd7 27. Kg2
Bc5 28. c3 f5 29. exf5 Rxf5 30. Rxf5 Qxf5 31. b4 Ba7 32. Qxd6 Qg5 33. Ng4 Rd8
34. Qc7 Bb8 35. Qxb7 h5 36. Qe4 hxg4 37. Bb1 gxh3+ 38. Kh2 Nf8 39. Kxh3 Rd6
40. Kg2 Rh6 41. Qf3 Bd6 42. Re1 Ne6 43. Qf7 Qf6 44. Qe8+ Bf8 45. Re3 Rh2+ 46.
Kxh2 Qxf2+ 47. Kh3 Qxe3 48. Qxe6 Qc1 49. Be4 Qf1+ 50. Kg4 Qf6 51. Qe8 Qd6 52.
c4 Qd1+ 53. Kh4 Qd6 54. Kh3 Qh6+ 55. Kg4 Qd6 56. c5 Qd1+ 57. Bf3 Qd4+ 58.
Kh3 Kg8 59. c6 Qc4 60. c7 Qf1+ 61. Kg4 Qc4+ 62. Kh3 Qf1+ 63. Bg2 Qf5+ 64. Kh2
Qh7+ { Planilla Ilegible} 1-0

[Event "Abierto Legislatura Norberto La Porta in memoriam"]
[Site "Buenos Aires, ARG"]
[Date "2009.04.03"]
[Round "2.11"]
[White "Zeta, Rodrigo"]
[Black "Bronstein, Luis Marcos"]
[Result "0-1"]
[WhiteElo "2061"]
[BlackElo "2401"]

1. e4 e5 2. Nf3 Nc6 3. Nc3 Nf6 4. d4 exd4 5. Nxd4 Bb4 6. Nxc6 bxc6 7. Bd3 d5
8. exd5 cxd5 9. O-O O-O 10. Bg5 c6 11. Re1 Qd6 12. h3 Ba5 13. Qf3 Bc7 14.
Bxf6 Qxf6 15. Qxf6 gxf6 16. Rab1 Be6 17. b4 Rfb8 18. Ne2 Be5 19. c3 a5 20. b5
cxb5 21. Rxb5 Rxb5 22. Bxb5 Rc8 23. f4 Bxc3 24. Rd1 d4 25. Kf2 Bxa2 26. Nxd4
Rd8 27. Ke3 Bb3 28. Rd3 Bxd4+ 29. Rxd4 Rxd4 30. Kxd4 a4 31. Kc3 Kf8 32. g4 h6
33. Bc6 Ke7 34. Kb4 Kd6 35. Be8 Ke6 36. Bc6 Bd1 {Planilla Ilegible} 0-1

[Event "Abierto Legislatura Norberto La Porta in memoriam"]
[Site "Buenos Aires, ARG"]
[Date "2009.04.03"]
[Round "2.12"]
[White "Rodriguez, Jorge Luis"]
[Black "Sanduay, Nicolas"]
[Result "1-0"]
[WhiteElo "2393"]
[BlackElo "2053"]

1. e4 c5 2. Nf3 d6 3. d4 cxd4 4. Nxd4 Nf6 5. Nc3 g6 6. Be2 Bg7 7. O-O O-O 8.
Re1 Nc6 9. Nb3 a6 10. Bf1 b5 11. a4 b4 12. Nd5 a5 13. Bg5 Nxd5 14. exd5 Ne5
15. Nd4 Re8 16. h3 Bb7 17. Bb5 Nd7 18. Bc6 Bxd4 19. Qxd4 Bxc6 20. dxc6 Nc5 21.
Bh6 e5 22. Qd5 Qc7 23. f4 Qe7 24. fxe5 dxe5 25. Be3 Na6 26. Qxa5 Qd6 27. Qb5
Rad8 28. Rad1 Qc7 29. Qc4 Rc8 30. Rf1 Nb8 31. Rd7 Nxd7 32. Qxf7+ Kh8 33.
cxd7 1-0

[Event "Abierto Legislatura Norberto La Porta in memoriam"]
[Site "Buenos Aires, ARG"]
[Date "2009.04.03"]
[Round "2.13"]
[White "Lodi, Guillermo"]
[Black "Tristan, Leonardo"]
[Result "0-1"]
[WhiteElo "2056"]
[BlackElo "2393"]

1. e4 c5 2. Nf3 d6 3. d4 cxd4 4. Nxd4 Nf6 5. Nc3 g6 6. Be3 Bg7 7. f3 Nc6 8.
Qd2 O-O 9. O-O-O d5 10. exd5 Nxd5 11. Nxc6 bxc6 12. Nxd5 cxd5 13. Qxd5 Qc7 14.
Qxa8 Bf5 15. Qxf8+ Kxf8 16. Bd3 Qe5 17. Bxf5 Qxe3+ 0-1

[Event "Abierto Legislatura Norberto La Porta in memoriam"]
[Site "Buenos Aires, ARG"]
[Date "2009.04.03"]
[Round "2.15"]
[White "Lida Garcia, Fernando"]
[Black "Della Morte, German"]
[Result "0-1"]
[WhiteElo "2051"]
[BlackElo "2382"]

1. d4 Nf6 2. c4 g6 3. Nc3 Bg7 4. e4 d6 5. Be2 O-O 6. Bg5 c5 7. d5 e6 8. Nf3
h6 9. Bf4 exd5 10. cxd5 Re8 11. Nd2 Na6 12. O-O Nc7 13. a4 b6 14. h3 Rb8 15.
Qc2 a6 16. Nc4 Bf8 17. Bf3 b5 18. axb5 axb5 19. Na5 Bd7 20. Rfd1 b4 21. Ne2
Nb5 22. Nc6 Bxc6 23. dxc6 Qe7 24. Qc4 Qe6 25. Qxe6 Rxe6 26. e5 dxe5 27. Bg3 Rc8
28. Ra5 Nc7 29. b3 e4 30. Bxc7 exf3 31. Nf4 Rxc6 32. Be5 fxg2 33. Ra7 Re8
34. Rc7 Rxc7 35. Bxc7 Rc8 36. Be5 Bg7 37. f3 Ne8 38. Nd5 Kf8 39. Nb6 Rc6 40.
Nd7+ Ke7 41. Bxg7 Nxg7 42. Ne5 Rc7 43. Kxg2 Ne6 44. Re1 h5 45. Kg3 Kf6 46. f4
Nd4 47. Rb1 Kf5 48. Nc4 Ke4 49. Nd6+ Kd3 50. f5 Nxf5+ 51. Nxf5 gxf5 52. Kf4
Kc2 0-1

[Event "Abierto Legislatura Norberto La Porta in memoriam"]
[Site "Buenos Aires, ARG"]
[Date "2009.04.03"]
[Round "2.16"]
[White "Szmetan, Jorge"]
[Black "Gandolfo, Alberto"]
[Result "1-0"]
[WhiteElo "2374"]
[BlackElo "2041"]

1. Nf3 d5 2. c4 c6 3. d4 e6 4. e3 Nf6 5. Bd3 Bb4+ 6. Nbd2 Nbd7 7. O-O Bd6 8.
e4 dxe4 9. Nxe4 Nxe4 10. Bxe4 Nf6 11. Bc2 Qc7 12. Bg5 Bd7 13. Qe2 h6 14. Bh4
c5 15. dxc5 Qxc5 16. Rad1 O-O-O 17. Rxd6 Qxd6 18. Bg3 Qc5 19. b4 Qh5 20. Qe3
b6 21. Qf4 1-0

[Event "Abierto Legislatura Norberto La Porta in memoriam"]
[Site "Buenos Aires, ARG"]
[Date "2009.04.03"]
[Round "2.17"]
[White "Echeguren, Gustavo"]
[Black "Julia, Ernesto"]
[Result "1/2-1/2"]
[WhiteElo "2040"]
[BlackElo "2371"]

1. e4 e5 2. Nf3 Nc6 3. d4 exd4 4. Nxd4 Bb4+ 5. c3 Be7 6. Be3 Nf6 7. Nd2 d5 8.
Nxc6 bxc6 9. f3 dxe4 10. Nxe4 Nd5 11. Bd4 O-O 12. Bc4 Rb8 13. Qd2 f5 14. Ng3
Bg5 15. f4 Re8+ 16. Ne2 Ba6 17. Bxa6 Nxf4 18. Bc4+ Kh8 19. Qc2 Nxg2+ 20. Kf1
Ne3+ 21. Bxe3 Bxe3 22. h4 Re4 23. Rd1 Qf6 24. Qd3 Rbe8 25. Rh3 f4 26. Qd7
R4e7 27. Qg4 Qe5 28. Rd7 g6 29. Rxe7 Rxe7 30. Rf3 Qe4 31. b3 h5 32. Qc8+ Re8
33. Qh3 Kg7 34. Qd7+ Re7 35. Qh3 Kf6 36. Kg2 g5 37. hxg5+ Kxg5 38. Kh2 Rg7 39.
Rf1 1/2-1/2

[Event "Abierto Legislatura Norberto La Porta in memoriam"]
[Site "Buenos Aires, ARG"]
[Date "2009.04.03"]
[Round "2.19"]
[White "De Zan, Alberto"]
[Black "Lujan, Carolina"]
[Result "0-1"]
[WhiteElo "2085"]
[BlackElo "2360"]

1. e4 c5 2. Nc3 Nc6 3. g3 g6 4. Bg2 Bg7 5. d3 d6 6. Nge2 Rb8 7. O-O b5 8. Nd5
e6 9. Ne3 Nge7 10. f4 f5 11. c3 b4 12. g4 d5 13. gxf5 gxf5 14. e5 Ng6 15.
Ng3 Bd7 16. Nh5 O-O 17. Nxg7 Kxg7 18. c4 d4 19. Nc2 Nh4 20. Ne1 Kh8 21. Nf3 Rg8
22. Nxh4 Qxh4 23. Bd2 Rxg2+ 24. Kxg2 Rg8+ 25. Kf3 Nxe5+ 0-1

[Event "Abierto Legislatura Norberto La Porta in memoriam"]
[Site "Buenos Aires, ARG"]
[Date "2009.04.03"]
[Round "2.20"]
[White "Filgueira, Hernan"]
[Black "Calens, Diego"]
[Result "1-0"]
[WhiteElo "2354"]
[BlackElo "2037"]

1. e4 e6 2. d4 d5 3. e5 c5 4. Nf3 Nc6 5. Bd3 cxd4 6. O-O Bc5 7. a3 a5 8. Bf4
h6 9. Nbd2 Nge7 10. Bg3 Nf5 11. Nb3 Nxg3 12. fxg3 Ba7 13. Qe2 a4 14. Nbd2 Bd7
15. g4 Qe7 16. Kh1 g5 17. Bb5 h5 18. gxh5 g4 19. Ne1 Qg5 20. Nd3 Qxh5 21. g3
O-O-O 22. Bxa4 Rh7 23. Bxc6 Bxc6 24. Rf2 Rdh8 25. Rg2 Qg5 26. Re1 Bb5 27.
Qf2 Kb8 28. Nb3 Bxd3 29. cxd3 Qg6 30. Qd2 Rc8 31. Rf2 Rh5 32. Qb4 Rf5 33. Rxf5
Qxf5 34. Qd2 f6 35. exf6 Rf8 36. Qf4+ Qxf4 37. gxf4 Rxf6 38. Kg2 Rxf4 39.
Rxe6 Kc7 40. Re7+ Kb6 41. Nc1 Bb8 42. Rg7 Be5 43. Rg5 Bd6 44. Rg6 Kc7 45. Ne2
Rf3 46. Nxd4 Rxd3 47. Nb5+ Kc6 48. Nxd6 Kd7 49. b4 Ke7 50. Nb5 1-0

[Event "Abierto Legislatura Norberto La Porta in memoriam"]
[Site "Buenos Aires, ARG"]
[Date "2009.04.03"]
[Round "2.21"]
[White "Albarracin, Nicolas"]
[Black "Schweber, Samuel"]
[Result "0-1"]
[WhiteElo "2029"]
[BlackElo "2349"]

1. e4 e6 2. d4 d5 3. e5 c5 4. c3 Qb6 5. Nf3 Bd7 6. a3 Bb5 7. Bxb5+ Qxb5 8. b4
c4 9. O-O Ne7 10. h3 Qd7 11. a4 a6 12. Na3 Ng6 13. Nc2 Nc6 14. Nh2 f5 15.
exf6 gxf6 16. f4 f5 17. Nf3 Be7 18. b5 axb5 19. axb5 Na5 20. Nb4 Qxb5 21. Qe2
Qd7 22. Re1 O-O 23. Qxe6+ Qxe6 24. Rxe6 Bxb4 25. cxb4 Nb3 26. Rxa8 Rxa8 27.
Be3 c3 28. Ne1 Ra1 29. Kf2 Ra2+ 30. Kf3 Nd2+ 31. Ke2 Kf7 32. Rb6 Nc4+ 0-1

[Event "Abierto Legislatura Norberto La Porta in memoriam"]
[Site "Buenos Aires, ARG"]
[Date "2009.04.03"]
[Round "2.22"]
[White "Bielicki, Carlos"]
[Black "Fabian, Gaston"]
[Result "1-0"]
[WhiteElo "2343"]
[BlackElo "2028"]

1. d4 d5 2. c4 c6 3. Nc3 Nf6 4. e3 e6 5. Nf3 Nbd7 6. Qc2 Bd6 7. Be2 O-O 8.
O-O Re8 9. Rd1 Qe7 10. a3 dxc4 11. Bxc4 e5 12. Ng5 Rf8 13. Nce4 Nxe4 14. Nxe4
Bc7 15. Bd2 a5 16. d5 cxd5 17. Bxd5 Nb6 18. Nc3 Kh8 19. Rac1 f5 20. e4 f4 21.
Nb5 Nxd5 22. Nxc7 Nxc7 23. Qxc7 Qg5 24. Kf1 Qh5 25. f3 Qxh2 26. Qxe5 Bh3 27.
gxh3 Qxh3+ 28. Ke2 Qg2+ 29. Kd3 Rfd8+ 30. Kc2 Qxf3 31. Bc3 Qg2+ 32. Kb1 Rxd1
33. Rxd1 f3 34. Qb5 f2 35. Qe2 Re8 36. Rf1 Rxe4 37. Qxf2 Qxf2 38. Rxf2 h5 39.
Rg2 Rg4 40. Rxg4 hxg4 41. Bxa5 Kh7 42. Kc2 g5 43. Bc7 Kg6 44. Bg3 Kf5 45.
Kd3 1-0

[Event "Abierto Legislatura Norberto La Porta in memoriam"]
[Site "Buenos Aires, ARG"]
[Date "2009.04.03"]
[Round "2.23"]
[White "Paternoste, Martin"]
[Black "Garcia, Raimundo"]
[Result "0-1"]
[WhiteElo "2024"]
[BlackElo "2342"]

1. Nf3 Nf6 2. c4 g6 3. Nc3 Bg7 4. e4 d6 5. d4 O-O 6. Be2 c5 7. O-O Nc6 8. d5
Na5 9. Bg5 h6 10. Bd2 e5 11. a3 b6 12. b4 Nb7 13. Ne1 Bd7 14. Nd3 Qe7 15.
bxc5 Nxc5 16. Nxc5 bxc5 17. Qc1 Kh7 18. Qc2 h5 19. Rab1 Rab8 20. f4 exf4 21.
Bxf4 Ng4 22. Bxg4 Bxg4 23. Rxb8 Rxb8 24. Nb5 Rb6 25. Bxd6 Rxd6 26. Nxd6 Qxd6 27.
Rxf7 Kg8 28. Rxa7 Bd4+ 29. Kh1 Qf4 30. Qb1 Be5 31. Qg1 Be2 32. Re7 Bxc4 33.
h3 Bd3 34. Rxe5 Qxe5 35. Qxc5 Bxe4 36. Qc8+ Kg7 37. Qd7+ Kh6 38. Qe6 Qxd5 39.
Qxd5 Bxd5 {Tiempo} 0-1

[Event "Abierto Legislatura Norberto La Porta in memoriam"]
[Site "Buenos Aires, ARG"]
[Date "2009.04.03"]
[Round "2.24"]
[White "Seidler, Aldo E."]
[Black "Denegri, German"]
[Result "1-0"]
[WhiteElo "2330"]
[BlackElo "2024"]

1. e4 c6 2. d4 d5 3. e5 Bf5 4. Ne2 e6 5. Ng3 Bg6 6. Be2 c5 7. c3 Nd7 8. O-O
h5 9. f4 h4 10. f5 hxg3 11. fxg6 gxh2+ 12. Kh1 f6 13. exf6 Ngxf6 14. Bg4 Qb6
15. Re1 Ne4 16. Rxe4 dxe4 17. Bg5 Nf6 18. Qa4+ Qc6 19. Qxc6+ bxc6 20. Bxe6 Nh5
21. Bf7+ Kd7 22. Kxh2 Bd6+ 23. Kg1 Ng3 24. Kf2 cxd4 25. Na3 d3 26. Nc4 Bc7
27. Ke3 Rh2 28. Bf4 Bxf4+ 29. Kxf4 Rxg2 30. Rd1 Rh8 31. Ne5+ Kc7 32. Nxd3 exd3
33. Kf3 Rhh2 34. Rxd3 Nf5 35. Kf4 Nd6 36. Ke5 Re2+ 37. Kf4 Nxf7 38. gxf7
Rhf2+ 39. Rf3 Rxf3+ 40. Kxf3 Re1 41. Kg2 Re2+ 42. Kg3 Re3+ 43. Kg4 Re4+ 44. Kg5
Re5+ 45. Kg6 Re6+ 46. Kxg7 Re1 47. f8=Q Rg1+ 48. Kh6 Rh1+ 49. Kg5 Rg1+ 50.
Kh4 1-0

[Event "Abierto Legislatura Norberto La Porta in memoriam"]
[Site "Buenos Aires, ARG"]
[Date "2009.04.03"]
[Round "2.26"]
[White "Perelman, Hernan"]
[Black "Di Diego, Osvaldo"]
[Result "1-0"]
[WhiteElo "2326"]
[BlackElo "2023"]

1. d4 d5 2. Nf3 c6 3. c4 e6 4. g3 f5 5. Bg2 Nf6 6. O-O Bd6 7. b3 O-O 8. Ba3
Bxa3 9. Nxa3 Nbd7 10. Qc1 Ne4 11. Nc2 Qf6 12. Nb4 dxc4 13. Qxc4 Nb6 14. Qc2
Rd8 15. e3 Bd7 16. Nd3 Be8 17. Nfe5 Nd6 18. b4 Nd7 19. Qb2 Nb6 20. Rfc1 a6 21.
a4 Nf7 22. Nf3 Qe7 23. Qb3 Nd5 24. Rab1 Rac8 25. Rc2 Kh8 26. Rbc1 Nd6 27.
Nfe5 Kg8 28. Nc5 Kf8 29. f3 Bf7 30. e4 Nf6 31. Nxf7 Kxf7 32. e5 1-0

[Event "Abierto Legislatura Norberto La Porta in memoriam"]
[Site "Buenos Aires, ARG"]
[Date "2009.04.03"]
[Round "2.27"]
[White "Yakisich Avila, Marcelo"]
[Black "Blit, Jacques"]
[Result "0-1"]
[WhiteElo "2003"]
[BlackElo "2324"]

1. Nf3 g6 2. d4 f5 3. g3 Nf6 4. Bg2 Bg7 5. c4 O-O 6. O-O d6 7. Nc3 Qe8 8. d5
a5 9. Be3 Na6 10. Qc1 Nc5 11. Bh6 Bxh6 12. Qxh6 e5 13. dxe6 Bxe6 14. b3 Qe7
15. Nd4 Bf7 16. Qc1 Nce4 17. e3 d5 18. Nxd5 Nxd5 19. cxd5 Bxd5 20. Re1 a4 21.
Bf1 c5 22. Bc4 Qf7 23. Bxd5 Qxd5 24. Nf3 axb3 25. Rd1 Qe6 26. axb3 Qxb3 27.
Rb1 Qf7 28. Rb6 Rfd8 29. Ne5 Qa2 30. Rxd8+ Rxd8 31. Qc4+ Qxc4 32. Nxc4 Rd1+
33. Kg2 Rc1 34. Ne5 Rc2 35. Rxb7 Rxf2+ 0-1

[Event "Abierto Legislatura Norberto La Porta in memoriam"]
[Site "Buenos Aires, ARG"]
[Date "2009.04.03"]
[Round "2.28"]
[White "Varela, Gaston"]
[Black "Pichot, Alan"]
[Result "1/2-1/2"]
[WhiteElo "2323"]
[BlackElo "2014"]

1. c4 c5 2. Nc3 Nc6 3. g3 g6 4. Bg2 Bg7 5. e3 e5 6. Nge2 Nge7 7. a3 d6 8. d3
O-O 9. Rb1 a5 10. O-O Be6 11. Nd5 Rb8 12. Nec3 f5 13. Bd2 g5 14. f4 Ng6 15.
Ne2 gxf4 16. exf4 Qd7 17. Qb3 Qf7 18. Qb6 Rfd8 19. Bxa5 Nxa5 20. Qxa5 b5 21.
Qd2 bxc4 22. dxc4 e4 23. b3 Ne7 24. Nxe7+ Qxe7 25. Kh1 d5 26. cxd5 Rxd5 27.
Qc2 Rbd8 28. Rfd1 Qd7 29. Rxd5 Qxd5 30. Nc3 Qd3 31. Qxd3 exd3 32. Na4 Bxb3 33.
Rxb3 d2 34. Bf3 c4 35. Rb4 d1=Q+ 36. Bxd1 Rxd1+ 37. Kg2 c3 38. Nxc3 Bxc3 39.
Rb5 Rd2+ 40. Kh1 Kf7 41. Rxf5+ Ke6 42. Rh5 Bd4 43. a4 Ra2 44. a5 Bc3 45. a6
Bf6 46. Kg1 Rxa6 1/2-1/2

[Event "Abierto Legislatura Norberto La Porta in memoriam"]
[Site "Buenos Aires, ARG"]
[Date "2009.04.03"]
[Round "2.29"]
[White "Meza, Hugo"]
[Black "Contessotto, Enrique"]
[Result "1-0"]
[WhiteElo "2315"]
[BlackElo "2124"]

1. d4 d5 2. c4 c6 3. cxd5 cxd5 4. Bf4 Nf6 5. Nc3 Nc6 6. e3 Bf5 7. Nf3 e6 8.
Bb5 Nd7 9. O-O Rc8 10. Rc1 a6 11. Bd3 Bxd3 12. Qxd3 Be7 13. a3 O-O 14. Na4 b5
15. Nc5 Bxc5 16. dxc5 e5 17. Bg5 f6 18. Qxd5+ Rf7 19. Bh4 Ne7 20. Qd3 Qe8 21.
b4 Ng6 22. e4 Nf4 23. Qe3 Qe6 24. Bg3 g5 25. Rfd1 h5 26. Bxf4 gxf4 27. Qd3
Rg7 28. Qd5 Nf8 29. Nh4 Kh8 30. Nf5 f3 31. g3 Rd7 32. Qxe6 Rxd1+ 33. Rxd1 Nxe6
34. h4 a5 35. Rd3 Nxc5 36. Rc3 axb4 37. axb4 Rd8 38. bxc5 Rd1+ 39. Kh2 Rd2
40. c6 Rxf2+ 41. Kg1 1-0

[Event "Abierto Legislatura Norberto La Porta in memoriam"]
[Site "Buenos Aires, ARG"]
[Date "2009.04.03"]
[Round "2.30"]
[White "Villanueva, Mario"]
[Black "Bourgeois, William Raul"]
[Result "1-0"]
[WhiteElo "2311"]
[BlackElo "1999"]

1. e4 e5 2. Nf3 Nc6 3. Bc4 Nf6 4. Ng5 d5 5. exd5 Na5 6. Bb5+ c6 7. dxc6 bxc6
8. Be2 h6 9. Nf3 e4 10. Ne5 Bd6 11. d4 Bxe5 12. dxe5 Qxd1+ 13. Bxd1 Nd5 14.
b3 O-O 15. Bd2 Nb7 16. c4 Ne7 17. f4 Nf5 18. Bc2 Nc5 19. Nc3 Nd4 20. O-O-O Bg4
21. Be3 Bxd1 22. Bxd4 Bxc2 23. Bxc5 Bd3 24. Bxf8 Rxf8 25. Re1 f5 26. exf6
Rxf6 27. g3 g5 28. Kd2 gxf4 29. Nxe4 Bxe4 30. Rxe4 fxg3 31. hxg3 c5 32. Ke3 Ra6
33. Re5 Rc6 34. Ke4 Kf7 35. Kd5 Rg6 36. Kxc5 Rxg3 37. Kd6 Rg6+ 38. Kd7 Ra6
39. c5 Rxa2 40. Rd5 Ra3 41. c6 Rxb3 42. c7 Rc3 43. c8=Q Rxc8 44. Kxc8 Kg6 45.
Kb7 1-0

[Event "Abierto Legislatura Norberto La Porta in memoriam"]
[Site "Buenos Aires, ARG"]
[Date "2009.04.03"]
[Round "2.31"]
[White "Rasgido, Alejandro"]
[Black "Wisniacki, Flavio"]
[Result "0-1"]
[WhiteElo "2003"]
[BlackElo "2297"]

1. d4 Nf6 2. Bg5 e6 3. e4 h6 4. Bxf6 Qxf6 5. Nc3 Bb4 6. Qd2 c5 7. Nf3 cxd4 8.
Nxd4 Nc6 9. Ndb5 O-O 10. f4 d5 11. e5 Qd8 12. a3 Qa5 13. O-O-O Bc5 14. Nb1
Qb6 15. Re1 a6 16. N5c3 Bf2 17. Re2 Bd4 18. g4 Bd7 19. g5 hxg5 20. Na4 Qa7 21.
c3 Na5 22. Qc2 Be3+ 23. Nd2 b5 0-1

[Event "Abierto Legislatura Norberto La Porta in memoriam"]
[Site "Buenos Aires, ARG"]
[Date "2009.04.03"]
[Round "2.33"]
[White "Ojea, Ricardo Adrian"]
[Black "Landriel, Mario"]
[Result "0-1"]
[WhiteElo "1995"]
[BlackElo "2271"]

1. e4 c5 2. c3 Nf6 3. e5 Nd5 4. d4 cxd4 5. Nf3 Nc6 6. cxd4 d6 7. Bc4 Nb6 8.
Bb3 d5 9. h3 Bf5 10. Nc3 e6 11. Bg5 Be7 12. Bxe7 Qxe7 13. Bc2 Bxc2 14. Qxc2
O-O 15. O-O f6 16. Qe2 fxe5 17. dxe5 Rf5 18. Nb5 Raf8 19. Nbd4 Nxd4 20. Nxd4
Rf4 21. Nf3 Rxf3 22. gxf3 Qg5+ 23. Kh2 Qf4+ 24. Kg2 Nc4 25. b3 Nxe5 26. Rfe1
Nxf3 27. Qxe6+ Kh8 28. Qe3 Qh2+ 29. Kf1 Qxh3+ 30. Ke2 Qh5 31. Kf1 d4 32. Qe7
Nd2+ 33. Kg1 Qg4+ 0-1

[Event "Abierto Legislatura Norberto La Porta in memoriam"]
[Site "Buenos Aires, ARG"]
[Date "2009.04.03"]
[Round "2.35"]
[White "Heinecke, Lucas"]
[Black "Rago, Sergio"]
[Result "1/2-1/2"]
[WhiteElo "1979"]
[BlackElo "2250"]

1. Nf3 Nf6 2. c4 b6 3. g3 Bb7 4. Bg2 e6 5. O-O Be7 6. Nc3 c5 7. d4 cxd4 8.
Qxd4 Nc6 9. Qf4 O-O 10. Rd1 a6 11. e4 d6 12. b3 Qc7 13. Ba3 Rfd8 14. Rac1 Ne5
15. Bb2 Rac8 16. Na4 Nfd7 17. Bd4 Nxf3+ 18. Qxf3 Bc6 19. Nc3 Qb7 20. Qe2 b5
21. Nd5 Bxd5 22. exd5 e5 23. cxb5 Qxb5 24. Qxb5 axb5 25. Be3 Rxc1 26. Rxc1 Nc5
27. Bf1 Rb8 1/2-1/2

[Event "Abierto Legislatura Norberto La Porta in memoriam"]
[Site "Buenos Aires, ARG"]
[Date "2009.04.03"]
[Round "2.36"]
[White "Airando, Martin"]
[Black "Ruiz Tristan, Francisco"]
[Result "1-0"]
[WhiteElo "2250"]
[BlackElo "1918"]

1. e4 d5 2. exd5 Qxd5 3. Nc3 Qa5 4. d4 Nf6 5. Bc4 Bf5 6. Bd2 c6 7. Nge2 e6 8.
Ng3 Bg6 9. h4 h6 10. Nd5 Qd8 11. Nf4 Bh7 12. Qe2 Nd5 13. Ngh5 Qd6 14. O-O-O
Nd7 15. Nxd5 cxd5 16. Bf4 Qc6 17. Bb5 Qb6 18. Rh3 Rc8 19. Rb3 Qa5 20. Bxd7+
Kxd7 21. Rxb7+ Kd8 22. Rb8 Rxb8 23. Bxb8 Qxa2 24. Qb5 Kc8 25. Be5 Qc4 26. Qb8+
Kd7 27. Qxa7+ Kd8 28. Qb8+ Kd7 29. Qb7+ Kd8 30. Qb8+ Kd7 31. Qa7+ Ke8 32. c3
Bg6 33. Bf6 Bxh5 34. Qb8+ Kd7 35. Qd8+ Kc6 36. Qc8+ Kb5 37. Qb7+ Ka4 38. b3+
1-0

[Event "Abierto Legislatura Norberto La Porta in memoriam"]
[Site "Buenos Aires, ARG"]
[Date "2009.04.03"]
[Round "2.37"]
[White "Vigil, Lucas"]
[Black "Cuevas, Alex"]
[Result "0-1"]
[WhiteElo "1978"]
[BlackElo "2244"]

1. d4 Nf6 2. c4 c5 3. d5 e6 4. Nc3 exd5 5. cxd5 d6 6. e4 g6 7. h3 Bg7 8. Nf3
O-O 9. Bd3 a6 10. a4 Nbd7 11. O-O Qe7 12. Re1 Ne8 13. Bg5 f6 14. Bh4 Qf7 15.
Bg3 Ne5 16. Bxe5 fxe5 17. Be2 Bh6 18. Rf1 Qf4 19. a5 Ng7 20. Rb1 Nh5 21. Nh2
Qg5 22. Bg4 Nf4 23. g3 Nh5 24. h4 Qf6 25. Bxc8 Raxc8 26. Ng4 Qg7 27. Nxh6+
Qxh6 28. Qg4 Rc7 29. Nd1 Rcf7 30. b4 c4 31. Ne3 Nf6 32. Qe6 Re8 33. Qxd6 Nxe4
34. Qb6 Nd2 35. Ng4 Qf8 36. Qe3 Nxf1 37. Rxf1 Rf3 38. Qe4 Kg7 39. Nxe5 Rf5 40.
Qd4 Rexe5 41. f4 Kg8 42. Qxe5 Rxe5 43. fxe5 Qxb4 44. e6 c3 0-1

[Event "Abierto Legislatura Norberto La Porta in memoriam"]
[Site "Buenos Aires, ARG"]
[Date "2009.04.03"]
[Round "2.38"]
[White "Plazaola, Sebastian"]
[Black "Converset, Juan Jose"]
[Result "1/2-1/2"]
[WhiteElo "1977"]
[BlackElo "2239"]

1. e4 e6 2. d4 d5 3. Nc3 Bb4 4. e5 c5 5. a3 Ba5 6. b4 cxd4 7. Qg4 Ne7 8. bxa5
dxc3 9. Qxg7 Rg8 10. Qxh7 Nbc6 11. Nf3 Qc7 12. Bf4 Bd7 13. a6 O-O-O 14.
axb7+ Kb8 15. Qd3 Rg4 16. g3 Ng6 17. Qxc3 Nxf4 18. h3 Nxh3 19. Rxh3 d4 20. Qc5
Re4+ 21. Kd2 Nxe5 22. Qxc7+ Kxc7 23. Nxe5 Rxe5 24. Rb1 Bc6 25. Bd3 Bxb7 26. Rh7
Rd7 27. Bg6 Ba6 28. Bd3 Bb7 1/2-1/2

[Event "Abierto Legislatura Norberto La Porta in memoriam"]
[Site "Buenos Aires, ARG"]
[Date "2009.04.03"]
[Round "2.40"]
[White "Grushka, Carlos"]
[Black "Ocampos, Ian"]
[Result "1/2-1/2"]
[WhiteElo "2235"]
[BlackElo "1973"]

1. Nf3 Nf6 2. g3 g6 3. Bg2 d5 4. d4 Bg7 5. O-O c5 6. dxc5 O-O 7. c3 Qc7 8. b4
Ne4 9. Qxd5 Nxc3 10. Nxc3 Bxc3 11. Rb1 Be6 12. Qd3 Bg7 13. Nd4 Bxa2 14. Ra1
Be6 15. Bf4 Qc8 16. Nxe6 fxe6 17. Qe4 Nc6 18. b5 Nd8 19. Rac1 Rf5 20. Rfd1
Kf7 21. c6 Rxb5 22. Rxd8 Qxd8 23. cxb7 Rb8 24. Bxb8 Qxb8 25. f4 Qd6 26. Rc6
Qd4+ 27. Qxd4 Bxd4+ 28. e3 Bxe3+ 29. Kf1 Rxb7 30. Bh3 Rb2 31. Bxe6+ Kg7 32. h4
Bb6 33. Bd5 a5 34. Re6 Bc5 35. Rc6 Bb6 36. Re6 Bc5 37. Rc6 Bb4 38. g4 Rd2 39.
Be4 Bd6 40. Rc4 Rh2 41. Bf3 Rxh4 42. Kg2 g5 43. fxg5 Rh2+ 44. Kg1 Ra2 45. Bd5
Rd2 46. Be6 Kg6 47. Bf5+ Kxg5 48. Bxh7 Kh4 49. Kf1 Bg3 50. Bf5 Kh3 51. g5+
Kh2 52. Rc2 Rxc2 53. Bxc2 Be5 54. Kf2 Kh3 55. Kf3 Kh4 56. Ke4 1/2-1/2

[Event "Abierto Legislatura Norberto La Porta in memoriam"]
[Site "Buenos Aires, ARG"]
[Date "2009.04.03"]
[Round "2.41"]
[White "Roque, Fernando"]
[Black "Giampa, Alejandro"]
[Result "0-1"]
[WhiteElo "1971"]
[BlackElo "2235"]

1. d4 e6 2. Nf3 c5 3. e4 cxd4 4. Nxd4 a6 5. Nc3 Qc7 6. a3 Nf6 7. Be3 b5 8.
Bd3 Bb7 9. Qd2 b4 10. axb4 Bxb4 11. f3 d5 12. exd5 Nxd5 13. Nde2 Nxe3 14. Qxe3
Nd7 15. Qd4 Bxc3+ 16. Nxc3 O-O 17. O-O Nc5 18. Qc4 Qb6 19. Kh1 Nxd3 20. Qxd3
Rfd8 21. Qe2 Qxb2 22. Na4 Qd4 23. Rfd1 Qa7 24. Qc4 Bd5 25. Qc5 Qxc5 26. Nxc5
a5 27. Kg1 g5 28. Ra4 Rdc8 29. Nb3 Rxc2 30. Rxa5 Rxa5 31. Nxa5 Ra2 0-1

[Event "Abierto Legislatura Norberto La Porta in memoriam"]
[Site "Buenos Aires, ARG"]
[Date "2009.04.03"]
[Round "2.42"]
[White "Pradines, Emmanuel"]
[Black "Del Castillo, Gustavo"]
[Result "1/2-1/2"]
[WhiteElo "1965"]
[BlackElo "2223"]

1. e4 c5 2. Nf3 e6 3. d3 Nc6 4. g3 d5 5. Nbd2 Nge7 6. Bg2 g6 7. O-O Bg7 8.
Re1 b6 9. c3 a5 10. Nf1 d4 11. c4 e5 12. Nh4 O-O 13. f4 f6 14. h3 Bd7 15. Nf3
a4 16. g4 Qb8 17. f5 g5 18. h4 h6 19. h5 Nc8 20. N1d2 Nd6 21. Bf1 Rc8 22. b3
axb3 23. Nxb3 Ra6 24. Bb2 Qa7 25. a3 Bf8 26. Nfd2 Na5 27. Qf3 Ba4 28. Nxa5
Rxa5 29. Be2 b5 30. Bd1 bxc4 31. Nxc4 Nxc4 32. dxc4 Rb8 33. Rb1 Qa6 34. Qd3 Bxd1
35. Rexd1 Ra4 36. Rdc1 Rb6 37. Kf2 Qa8 38. Re1 Ra7 39. Bc1 Rxb1 40. Qxb1 Rb7
41. Qc2 Rb6 42. Qd1 Qb7 43. Qa4 Ra6 1/2-1/2

[Event "Abierto Legislatura Norberto La Porta in memoriam"]
[Site "Buenos Aires, ARG"]
[Date "2009.04.03"]
[Round "2.43"]
[White "Perez Pietronave, Carlos"]
[Black "Gallego, Ignacio"]
[Result "1-0"]
[WhiteElo "2218"]
[BlackElo "1968"]

1. e4 c5 2. Nf3 d6 3. d4 cxd4 4. Qxd4 Nc6 5. Bb5 Bd7 6. Bxc6 Bxc6 7. Nc3 Nf6
8. Bg5 Qb6 9. Bxf6 gxf6 10. Qxb6 axb6 11. Nd5 Bxd5 12. exd5 Ra5 13. c4 b5 14.
b4 Ra4 15. cxb5 Rxb4 16. a4 Rg8 17. O-O Rgg4 18. h3 Rgc4 19. Rfc1 Rxc1+ 20.
Rxc1 Kd7 21. g3 Bh6 22. Rc2 e6 23. Nh4 f5 24. Kg2 Bg5 25. Nf3 Bf6 26. dxe6+
fxe6 27. h4 h6 28. Ra2 e5 29. Ne1 f4 30. gxf4 Bxh4 31. fxe5 dxe5 32. Nd3 Rb1
33. Nxe5+ Ke6 34. Nc4 Kd5 35. Na5 b6 36. Rd2+ Kc5 37. Nb7+ Kc4 38. Nd6+ Kc5
39. Ne4+ Kb4 40. Rd6 Re1 41. Rd4+ Ka3 42. a5 bxa5 43. b6 1-0